| 000 | 00761nam a22001697a 4500 | ||
|---|---|---|---|
| 999 |
_c15078 _d15078 |
||
| 003 | OSt | ||
| 082 | _2631.3 RAJ/MO | ||
| 088 | _aT 60 | ||
| 100 |
_aRAJMOHAN C. K _92479 |
||
| 245 | _aModifications and testing of KAU arecanut de-husker | ||
| 260 |
_aTavanur 1996 _bKelappaji College of Agricultural Engineering and Technology |
||
| 300 | _a86 | ||
| 500 | _aModifications and testing of KAU arecanut de-husker | ||
| 520 | _aArecanut palm is an extensively cultivated tropical palm, the nuts of which form a popular masticatory in India, the Middle-East and the Far-East. to evaluate the properties of arecanut relevant to dehusking. modification of KAU arecanut dehusker. to evaluate its performance | ||
| 700 |
_aEr. Jippu Jacob (Guide) _92268 |
||
| 942 | _cTH | ||